000
00203nam a22000977a 4500
003
SGT
245
_a
JOURNAL OF INDIAN HIGHWAYS
260
_b
Indian Roads Congress
_c
2019
300
_a
200
942
_2
ddc
_c
BV
999
_c
29053
_d
29053